Países de América por el nº de letras - Estadísticas

Estadísticas generales
  • Esta prueba ha sido intentada 44 veces
  • La puntuación promedio es 27 de 35
Estadísticas de respuestas
Inicial Respuesta Nº de letras % Correcto
P Perú 4
100%
C Chile 5
97%
Be Belice 6
94%
Br Brasil 6
94%
A Argentina 9
91%
C Cuba 4
91%
U Uruguay 7
91%
Bo Bolivia 7
88%
C Canadá 6
88%
E Ecuador 7
88%
G Guyana 6
88%
H Haití 5
88%
V Venezuela 9
85%
M México 6
82%
P Panamá 6
82%
Ba Bahamas 7
79%
J Jamaica 7
79%
S San Cristóbal y Nieves 19
79%
T Trinidad y Tobago 15
79%
C Colombia 8
76%
H Honduras 8
76%
N Nicaragua 9
76%
P Paraguay 8
76%
S Surinam 7
76%
A Antigua y Barbuda 15
73%
D Dominica 8
73%
G Guatemala 9
73%
S San Vicente y las Granadinas 24
73%
G Granada 7
70%
E Estados Unidos 13
64%
R República Dominicana 19
64%
C Costa Rica 9
61%
S Santa Lucía 10
58%
E El Salvador 10
52%
B Barbados 8
42%
No se encontraron pruebas coincidentes
Distribución de puntuación
Porcentaje de gente con cada puntuación
Porcentaje por número respondido
Historial de tus puntuaciones
No has intentado esta prueba.